<?xml version="1.0" encoding="UTF-8"?>
<collection xmlns="http://www.loc.gov/MARC21/slim">
<record>
  <controlfield tag="001">151534</controlfield>
  <controlfield tag="005">20260220074839.0</controlfield>
  <datafield tag="024" ind1="7" ind2=" ">
    <subfield code="2">doi</subfield>
    <subfield code="a">10.1016/j.cej.2025.160506</subfield>
  </datafield>
  <datafield tag="024" ind1="8" ind2=" ">
    <subfield code="2">sideral</subfield>
    <subfield code="a">143184</subfield>
  </datafield>
  <datafield tag="037" ind1=" " ind2=" ">
    <subfield code="a">ART-2025-143184</subfield>
  </datafield>
  <datafield tag="041" ind1=" " ind2=" ">
    <subfield code="a">eng</subfield>
  </datafield>
  <datafield tag="100" ind1=" " ind2=" ">
    <subfield code="a">Quirós-Ovies, Ramiro</subfield>
  </datafield>
  <datafield tag="245" ind1=" " ind2=" ">
    <subfield code="a">Continuous exfoliation of 2H-MoS2 in a microwave-heated microfluidic contactor</subfield>
  </datafield>
  <datafield tag="260" ind1=" " ind2=" ">
    <subfield code="c">2025</subfield>
  </datafield>
  <datafield tag="506" ind1="0" ind2=" ">
    <subfield code="a">Access copy available to the general public</subfield>
    <subfield code="f">Unrestricted</subfield>
  </datafield>
  <datafield tag="520" ind1="3" ind2=" ">
    <subfield code="a">Microwave (MW)-assisted exfoliation of molybdenum disulfide (MoS2) has been demonstrated to produce exceptionally large area (in the µm2 range), ultrathin (&lt; 4 layers) flakes operating in the batch mode. Here, we develop a continuous system capable of producing few-layer MoS2 flakes of similar quality to those obtained through the batch procedure but with enhanced efficiency and scalability. The proposed microfluidic-based method introduces a controlled, stable, and reproducible process for exfoliating MoS2 in a liquid medium. By optimizing parameters such as flow rate, channel geometry, power of the MW heating and solvent selection, we were able to consistently achieve flake sizes in the µm range and thicknesses below 6 nm, comparable to those obtained via batch MW exfoliation. The continuous nature of the system allows for scalable production, addressing one of the major limitations of batch processes. While developed for MoS2 flakes, it can be translated to any two-dimensional (2D) material with suitable microwave-absorbing properties, potentially paving the way for the continuous production of a wide variety of large-area ultrathin flakes.</subfield>
  </datafield>
  <datafield tag="536" ind1=" " ind2=" ">
    <subfield code="9">info:eu-repo/grantAgreement/ES/MICINN/CEX2020-001039-S</subfield>
    <subfield code="9">info:eu-repo/grantAgreement/ES/MICINN/CEX2023-001286-S</subfield>
    <subfield code="9">info:eu-repo/grantAgreement/ES/MICINN/PDC2022-133866-I00</subfield>
    <subfield code="9">info:eu-repo/grantAgreement/ES/MICINN/PID2021-127847OB-I00</subfield>
    <subfield code="9">info:eu-repo/grantAgreement/ES/MINECO/CTQ2017-86060-P</subfield>
    <subfield code="9">info:eu-repo/grantAgreement/ES/MINECO/PID2020-116661RB-I00</subfield>
  </datafield>
  <datafield tag="540" ind1=" " ind2=" ">
    <subfield code="9">info:eu-repo/semantics/openAccess</subfield>
    <subfield code="a">by-nc-nd</subfield>
    <subfield code="u">https://creativecommons.org/licenses/by-nc-nd/4.0/deed.es</subfield>
  </datafield>
  <datafield tag="655" ind1=" " ind2="4">
    <subfield code="a">info:eu-repo/semantics/article</subfield>
    <subfield code="v">info:eu-repo/semantics/acceptedVersion</subfield>
  </datafield>
  <datafield tag="700" ind1=" " ind2=" ">
    <subfield code="a">Sabanés, Natalia Martín</subfield>
  </datafield>
  <datafield tag="700" ind1=" " ind2=" ">
    <subfield code="a">García-Pérez, Cristina</subfield>
  </datafield>
  <datafield tag="700" ind1=" " ind2=" ">
    <subfield code="a">Bernardo-Gavito, Ramón</subfield>
  </datafield>
  <datafield tag="700" ind1=" " ind2=" ">
    <subfield code="a">Granados, Daniel</subfield>
  </datafield>
  <datafield tag="700" ind1=" " ind2=" ">
    <subfield code="a">Pérez, Emilio M.</subfield>
  </datafield>
  <datafield tag="700" ind1=" " ind2=" ">
    <subfield code="0">(orcid)0000-0002-8701-9745</subfield>
    <subfield code="a">Santamaría, Jesús</subfield>
    <subfield code="u">Universidad de Zaragoza</subfield>
  </datafield>
  <datafield tag="700" ind1=" " ind2=" ">
    <subfield code="0">(orcid)0000-0002-6873-5244</subfield>
    <subfield code="a">Sebastian, Víctor</subfield>
    <subfield code="u">Universidad de Zaragoza</subfield>
  </datafield>
  <datafield tag="710" ind1="2" ind2=" ">
    <subfield code="1">5005</subfield>
    <subfield code="2">555</subfield>
    <subfield code="a">Universidad de Zaragoza</subfield>
    <subfield code="b">Dpto. Ing.Quím.Tecnol.Med.Amb.</subfield>
    <subfield code="c">Área Ingeniería Química</subfield>
  </datafield>
  <datafield tag="773" ind1=" " ind2=" ">
    <subfield code="g">508 (2025), 160506 [11 pp.]</subfield>
    <subfield code="p">Chem. eng. j.</subfield>
    <subfield code="t">Chemical Engineering Journal</subfield>
    <subfield code="x">1385-8947</subfield>
  </datafield>
  <datafield tag="856" ind1="4" ind2=" ">
    <subfield code="s">1842932</subfield>
    <subfield code="u">http://zaguan.unizar.es/record/151534/files/texto_completo.pdf</subfield>
    <subfield code="y">Postprint</subfield>
    <subfield code="z">info:eu-repo/date/embargoEnd/2026-02-19</subfield>
  </datafield>
  <datafield tag="856" ind1="4" ind2=" ">
    <subfield code="s">1638720</subfield>
    <subfield code="u">http://zaguan.unizar.es/record/151534/files/texto_completo.jpg?subformat=icon</subfield>
    <subfield code="x">icon</subfield>
    <subfield code="y">Postprint</subfield>
    <subfield code="z">info:eu-repo/date/embargoEnd/2026-02-19</subfield>
  </datafield>
  <datafield tag="909" ind1="C" ind2="O">
    <subfield code="o">oai:zaguan.unizar.es:151534</subfield>
    <subfield code="p">articulos</subfield>
    <subfield code="p">driver</subfield>
  </datafield>
  <datafield tag="951" ind1=" " ind2=" ">
    <subfield code="a">2026-02-19-09:00:52</subfield>
  </datafield>
  <datafield tag="980" ind1=" " ind2=" ">
    <subfield code="a">ARTICLE</subfield>
  </datafield>
</record>
</collection>